书目信息 |
| 题名: |
光电检测技术
|
|
| 作者: | 曾光宇 , 张志伟 , 张存林 主编 | |
| 分册: | ||
| 出版信息: | 北京 北京交通大学出版社 2005.09 |
|
| 页数: | 231页 | |
| 开本: | 26cm | |
| 丛书名: | ||
| 单 册: | ||
| 中图分类: | TN206 | |
| 科图分类: | ||
| 主题词: | 光电检测--guang dian jian ce--高等学校--教材 | |
| 电子资源: | ||
| ISBN: | 7-81082-545-3 | |
| 000 | 01048nam0 2200265 450 | |
| 001 | 012006344861 | |
| 005 | 20061116112515.71 | |
| 010 | @a7-81082-545-3@dCNY25.00 | |
| 100 | @a20060610d2005 km y0chiy0120 ea | |
| 101 | 0 | @achi |
| 102 | @aCN@b110000 | |
| 105 | @aa a 000yy | |
| 200 | 1 | @a光电检测技术@Aguang dian jian ce ji shu@f曾光宇, 张志伟, 张存林主编@Fceng guang yu,zhang zhi wei,zhang cun lin zhu bian |
| 210 | @a北京@c北京交通大学出版社@c清华大学出版社@d2005.09 | |
| 215 | @a231页@c图@d26cm | |
| 300 | @a高等学校电子信息类系列教材 | |
| 320 | @a有书目。 | |
| 330 | @a本书主要根据非光电类专业的教学要求,着重介绍常用光电器件的工作原理、基本要求、特性参数和应用情况。具体包括光电检测应用中的基础知识、常用电源、结型光电器件、光电导器件、真空光电器件、真空成像器件。 | |
| 606 | 0 | @a光电检测@Aguang dian jian ce@x高等学校@j教材 |
| 690 | @aTN206@v4 | |
| 701 | 0 | @a曾光宇@Aceng guang yu@4主编 |
| 701 | 0 | @a张志伟@Azhang zhi wei@4主编 |
| 701 | 0 | @a张存林@Azhang cun lin@4主编 |
| 801 | 0 | @aCN@c20061116 |
| 905 | @a10447@dTN206@eZ023 | |
| 光电检测技术/曾光宇, 张志伟, 张存林主编.-北京:北京交通大学出版社:清华大学出版社,2005.09 |
| 231页:图;26cm |
| 高等学校电子信息类系列教材 |
| ISBN 7-81082-545-3:CNY25.00 |
| 本书主要根据非光电类专业的教学要求,着重介绍常用光电器件的工作原理、基本要求、特性参数和应用情况。具体包括光电检测应用中的基础知识、常用电源、结型光电器件、光电导器件、真空光电器件、真空成像器件。 |
| ● |
| 相关链接 |
|
|
|
正题名:光电检测技术
索取号:TN206/Z023
 
预约/预借
| 序号 | 登录号 | 条形码 | 馆藏地/架位号 | 状态 | 备注 |
| 1 | 584581 | 205845816 | 自科库301/301自科库 25排3列1层/ [索取号:TN206/Z023] | 在馆 | |
| 2 | 584582 | 205845825 | 自科库301/301自科库 18排4列2层/ [索取号:TN206/Z023] | 在馆 | |
| 3 | 584583 | 205845834 | 自科库301/301自科库 25排3列1层/ [索取号:TN206/Z023] | 在馆 | |
| 4 | 609104 | 206091049 | 自科库301/301自科库 18排4列2层/ [索取号:TN206/Z023] | 在馆 | |
| 5 | 638190 | 206381903 | 自科库301/301自科库 18排4列2层/ [索取号:TN206/Z023] | 在馆 |